| 000 | 00540nam a2200181Ia 4500 | ||
|---|---|---|---|
| 003 | IN-BaIIA | ||
| 008 | 211028s9999 xx 000 0 eng d | ||
| 040 | _cIIA Library | ||
| 080 |
_a(038)=20=40 _bHUG |
||
| 110 | _aHugo's Language Books | ||
| 245 | 0 |
_aHugo french dictionary _cHugo's Language Books Limited |
|
| 260 |
_aLondon _bPremier Book _c1987 |
||
| 300 | _axiii, 620p. | ||
| 650 | _aAstronomy and Astrophysics Thesaurus | ||
| 650 | _aDictionaries | ||
| 650 |
_aFrench Dictionary _916626 |
||
| 942 | _cBK | ||
| 999 |
_c9816 _d9816 |
||